00473nam a2200145Ia 4500008004100000020001800041041000800059082001600067100002200083245010800105250000600213260006100219300001400280650003300294210716s2007 xx 000 0 und d a9780070636583 aeng a658.15 BRUR aBruner, Robert F. aCase studies in finance: managing for corporate value creation.bManaging for corporate value creation. a5 aNew DelhibTata McGraw Hill Publishing Company Ltdc2007 axlvii,785 aFinancial Management(658.15)